Statistics for Countries that was once in British Isles Region

Click here to take the quiz!

General Stats

  • This quiz has been taken 16 times
  • The average score is 8 of 30

Answer Stats

YearsCountry% Correct
1922-presentIrish Free State/Republic of Ireland
88%
843-1174, 1189-1292, 1297-1304, 1307-1651, 1660-1689Kingdom of Alba/Abla/Scotland
81%
1216-1283Principality of Wales
75%
1801-presentUnited Kingdom
69%
927-1603, 1689-1707Kingdom of England
69%
54 B.C.-260, 274-286, 296-410Roman Empire
63%
519-733, 752-779, 802-927Kingdom of the West Saxons
50%
477-514, 661-686, 688-771Kingdom of the South Saxons
44%
1707-1801Great Britain
44%
560-730Kingdom of the East Saxons
44%
559-867,Kingdom of Deira/Northumbria
38%
520-655, 657-829, 830-883Kingdom of the Iclings/Mercia
31%
1642-1660Commonwealth of England
25%
455-686, 694-764, 776-786, 796-798, 825-839Kingdom of the Kentish
19%
879-918Dane Kingdom of East Anglia
19%
571-713, 793-796, 821-822, 827-875,Kingdom of the East Angles
19%
553-843Kingdom of the Picts
19%
867-872, 875-910, 918-927, 939-944, 947-954Dane Kingdom of Jorvik
13%
260-274Gallic Empire
6%
868-871, 872-875, 910-918,Earldom of Bamburgh
6%
410-942, 948-986, 999-1216Kingdom of Gwynedd
6%
1641-1650Irish Catholic Confederation
6%
500-1198Irish High Kingship
6%
286-296Britannie Empire
6%
820-1264Norse Kingdom of the Suthreyjar
0%
480-620, 632-658Kingdom of Lindsey
0%
878-1018, 1023-1055, 1063-1093, 1136-1197Kingdom of Seisyllwg/Deheubarth
0%
559-655Kingdom of Bernicia
0%
410-710Kingdom of Dumnonia
0%
853-902, 917-1002, 1022-1170Norse Kingdom of Dubh Linn
0%

Score Distribution

Percentile by Number Answered

Percent of People with Each Score

Your Score History

You have not taken this quiz